• 首页
  • 本馆介绍
  • 公告通知
  • 最新文献
  • 馆藏检索
  • 电子资源
  • 读者导购
  • 参考咨询
  • 我的图书馆
  • 登录
  • 详细信息显示
  • 放入我的书架
  • 预约/预借图书
  • 作者相关作品
  • 分类相关作品
  • 丛书相关作品
  • 出版社相关作品

书目信息

  • 表格格式
  • 工作单格式
  • 卡片格式
题名:
力学与工程技术的进步
    
 
作者: 薛明德 主编 ;教育部高等学校力学教学指导委员会 编
分册:  
出版信息: 北京   高等教育出版社  2017
页数: 547页
开本: 23cm
丛书名:
单 册:
中图分类: O39
科图分类:
主题词: 应用力学--高等学校--教材
电子资源:
ISBN: 978-7-04-047120-5
000 01313nam0 2200277 450
001 0104134356
005 20170705145338.0
010    @a978-7-04-047120-5@dCNY65.00
100    @a20170315d2017 em y0chiy0120 ea
101 0  @achi@eeng
102    @aCN@b110000
105    @aa z 000yy
106    @ar
200 1  @a力学与工程技术的进步@9Li Xue Yu Gong Cheng Ji Shu;Zhu De;Di Jin Bu @f薛明德主编@g教育部高等学校力学类专业教学指导委员会编@b专著
210    @a北京@c高等教育出版社@d2017
215    @a547页@c图@d23cm
300    @a面向21世纪课程教材
312    @a封底英文题名:Advances in mechanics and engineering technology
330    @a本书在修订、补充初版土木、机械、航空航天、水利、船舶、能源、化工和生物医学工程等八个专题基础上,新增高铁技术、多功能材料、微电子、风沙环境及同沙和防沙四个专题,通过典型实例说明在工程和科学技术发展中,如何提出力学问题,力学问题的解决又如何影响、促进了技术和工程的发展,以及工程技术未来进步中尚待解决的力学问题。
510 1  @aAdvances in mechanics and engineering technology@zeng
606 0  @a应用力学@x高等学校@j教材
690    @aO39@v5
701  0 @a薛明德@f(1940~)@9xue ming de@4主编
712 02 @a教育部高等学校力学教学指导委员会@4编@9jiao yu bu gao deng xue xiao li xue jiao xue zhi dao wei yuan hui
801  0 @aCN@bAZmarc@c20230904
905    @aBZT@dO3@e9@f1@sO3/9
    
    力学与工程技术的进步/薛明德主编/教育部高等学校力学类专业教学指导委员会编.-北京:高等教育出版社,2017
    547页:图;23cm
    面向21世纪课程教材
    
    ISBN 978-7-04-047120-5:CNY65.00
    本书在修订、补充初版土木、机械、航空航天、水利、船舶、能源、化工和生物医学工程等八个专题基础上,新增高铁技术、多功能材料、微电子、风沙环境及同沙和防沙四个专题,通过典型实例说明在工程和科学技术发展中,如何提出力学问题,力学问题的解决又如何影响、促进了技术和工程的发展,以及工程技术未来进步中尚待解决的力学问题。
●
相关链接 在五车中查询图书 在当当中查询图书 在豆瓣中查询图书


正题名:力学与工程技术的进步     索取号:O3/9         预约/预借

序号 登录号 条形码 馆藏地/架位号 状态 备注
1 2000008548   2000008548   旧书回溯/ [索取号:O3/9] 在馆    
山东省滨州职业学院图书馆 欢迎您!
大连网信软件有限公司© 版权所有